| 000 | 00964nam a22002777a 4500 | ||
|---|---|---|---|
| 001 | 8972 | ||
| 003 | FISKH | ||
| 005 | 20251111155613.0 | ||
| 008 | 251111b cb ||||| |||| 00| 0 eng d | ||
| 020 | _a9780545390712 | ||
| 040 |
_aFISKH _beng _cFISKH _dFISKH |
||
| 050 | _aPZ7.P75186 J | ||
| 082 | _a813.6 | ||
| 100 |
_aPolacco, Patricia _eAuthor |
||
| 245 |
_aThe junkyard wonders / _cPatricia Polacco |
||
| 260 |
_aNew York : _bScholastic , _c2010 |
||
| 300 |
_a46 unnumbered pages : _bcolor illustrations ; _c28 cm |
||
| 505 | _aP | ||
| 520 | _aInspired by a teacher who believes each of them is a genius, a class of special-needs students invents something that could convince the whole school they are justifiably proud to be "Junkyard Wonders." | ||
| 521 | 8 |
_a650
_bLexile estimate |
|
| 521 | 8 |
_aP
_bRaz-Plus |
|
| 650 |
_aChildren's literature _vCreativity |
||
| 650 |
_aRealistic fiction _vSelf-esteem |
||
| 942 |
_2ddc _cBK _n0 |
||
| 999 |
_c8972 _d8972 |
||